| 000 | 00683 a2200193 4500 | ||
|---|---|---|---|
| 010 | _aENG-89306 | ||
| 020 |
_a8131303320 _c900.00 |
||
| 035 | _aEN-72839 | ||
| 037 | _bDBAD / PUB | ||
| 082 | 1 | 4 | _a634.967 |
| 090 |
_c10733 _d10733 |
||
| 245 | 1 |
_aForest entomology/ _cedited by L.K. Jha and P.K, Sen-Sarma |
|
| 260 |
_aNew Delhi _bAPH Publishing Corporation _c2008 |
||
| 270 |
_a4435-36/7, Ansari Road, Darya Ganj, _bNew Delhi _cDelhi _e110002 _k23274050 _maphbook@vsnl.net |
||
| 300 |
_ax, 387 p. _c23 cm (Hb) |
||
| 500 | _aIncludes index | ||
| 942 |
_adpl _cEN _k634.967 / FOR |
||
| 999 |
_c10438 _d10438 |
||